000 01001cam a22003137a 4500
003 CHAP
005 20220329141334.0
008 971013s1988 r 00010 d
010 _a66631
011 _a67603
035 _a77074
040 _cCHAP
090 _aTesis
100 0 0 _aTorres Aguilar, Mateo Cruz.
_9114035
245 1 4 _aLos sustitutos de la leche y la soya como elemento importante en su formulación
260 _aMarín, N. L. :
_bEl autor,
_c1988
300 _a42 h.
500 _a28-247
502 _aTesis (Ing. Agrónomo Zootecnista) -- Universidad Autónoma de Nuevo León. Fac. de Agronomía
590 _aALEPH
_b10
_c20130110
_lUCH01
_h1401
590 _aBATCH-UPD
_b10
_c20130110
_lUCH01
_h0430
590 _aBATCH-UPD
_b10
_c20130110
_lUCH01
_h2244
590 _aCONVERSION
_b10
_c20130109
_lUCH01
_h1337
650 1 4 _aLeche de soya.
_965433
650 1 4 _aLeche
_xSustitutos.
_965413
901 _aBK
942 _cTESIS
949 _bBC
_cTES
_d-29936
_eTS1
_h21274
_i77074
_si
999 _c66631
_d66631